| 000 | 00412pab a2200157 454500 | ||
|---|---|---|---|
| 008 | 180718b2001 xxu||||| |||| 00| 0 eng d | ||
| 100 | _aAlnasrawi, Abbas | ||
| 245 | _aIraq: economic sanctions and consequences, 1990-2000 | ||
| 260 | _c2001 | ||
| 300 | _ap.205-18 | ||
| 362 | _aApr | ||
| 650 | _aEconomic sanctions - Iraq | ||
| 650 | _aEconomic sanctions | ||
| 773 | _aThird World Quarterly | ||
| 909 | _a48445 | ||
| 999 |
_c48445 _d48445 |
||